000 00903nam a2200265Ia 4500
003 GCL
008 140319s9999 xx 000 0 ara d
020 _a4224105977
040 _aGCL /
_cGCL
082 0 4 _a552.5
_bس م
100 1 _aسمير احمد عوض
245 1 0 _aمقدمة فى علم الرسوبيات /
_cسمير احمد عوض
700 1 _aعبدالمنعم احمد محمود
260 _aالقاهرة :
_bمكتبة الانجلوالمصرية ،
_c2007
300 _a243 ص ؛
_c24 سم
650 0 4 _aالصخور الرسوبية
650 0 4 _aالصخور، علم
650 0 4 _aالترسيب ( جيولوجيا )
650 0 4 _aالصخور الرسوبية - انواع
650 0 4 _aالصخور الرملية
650 0 4 _aالصخور الطينية
650 0 4 _aصخور الفوسفات
650 0 4 _aالرسوبيات - علم
942 _2ddc
_cBK
999 _c9807
_d9807